00606nam a22002057a 4500003000500000005001700005008004100022010001000063011001000073035001000083040000900093082001300102100002900115245004000144260010200184300001100286490004100297650002100338830004100359CHAP20220329141136.0971010c19851975 r 00010 d a63295 a64267 a69541 cCHAP04a632bG6500aGonzález, Luis Carlos.1 aIntroducción a la fitopatología aSan José, C.R. :bInstituto Interamericano de Cooperación para la Agricultura,c1985 [c.1975] a148 p. aLibros y materiales Educativosv; 2914aFitopatología.0 aLibros y materiales Educativosv; 29